[Event "Izmir Arena IM8"]
[Site "Izmir"]
[Date "2024.12.21"]
[Round "7"]
[White "Doroodgar, Amir Hosein"]
[Black "David, Alexandru Vasile"]
[Result "1/2-1/2"]
[WhiteElo "2371"]
[BlackElo "2346"]
[PlyCount "55"]
[EventDate "2024.12.18"]
[EventType "tourn"]
[EventRounds "9"]
[EventCountry "TUR"]
[EventCategory "1"]
[SourceTitle "CB52_2024"]
[SourceDate "2024.12.25"]
[SourceVersion "1"]
[SourceVersionDate "2024.12.25"]
[SourceQuality "1"]

1. Nf3 Nf6 2. c4 b6 3. g3 Bb7 4. Bg2 g6 5. b3 Bg7 6. Bb2 0-0 7. 0-0 e6 8. Nc3 d5 9. cxd5 exd5 10. d4 Na6 11. Rc1 Re8 12. e3 c5 13. dxc5 Nxc5 14. Qc2 Qe7 15. Rfd1 Rac8 16. Ba3 Qd7 17. Qb1 Nce4 18. Nxe4 Nxe4 19. Rxc8 Qxc8 20. Bb2 Nc3 21. Bxc3 Qxc3 22. Nd4 Bxd4 23. exd4 Rc8 24. Bf1 Qc2 25. Qa1 Qc3 26. Qb1 Qc2 27. Qa1 Qc3 28. Qb1 1/2-1/2

[Event "EU-Cup 39th"]
[Site "Vrnjacka Banja"]
[Date "2024.10.25"]
[Round "6.6"]
[White "Balog, Imre1"]
[Black "David, Alexandru Vasile"]
[Result "1-0"]
[WhiteElo "2626"]
[BlackElo "2345"]
[PlyCount "85"]
[EventDate "2024.10.20"]
[EventType "team-swiss"]
[EventRounds "7"]
[EventCountry "SRB"]
[SourceTitle "CB44_2024"]
[Source "Chessbase"]
[SourceDate "2024.10.30"]
[SourceVersion "1"]
[SourceVersionDate "2024.10.30"]
[SourceQuality "1"]
[WhiteTeam "Ajka Sentimento"]
[BlackTeam "Vados CC"]
[WhiteTeamCountry "HUN"]
[BlackTeamCountry "ROU"]

1. Nf3 d5 2. e3 Nf6 3. c4 e6 4. b3 b6 5. Bb2 Bb7 6. Qc2 a6 7. Be2 Bd6 8. g4 0-0 9. g5 Nfd7 10. Rg1 e5 11. cxd5 c6 12. dxc6 Nxc6 13. a3 Rc8 14. Nc3 b5 15. Qf5 b4 16. axb4 Nxb4 17. Rd1 Qe7 18. Kf1 e4 19. Nd4 Rc5 20. Qh3 Nb6 21. Ba3 Rxg5 22. Nf5 Rxg1+ 23. Kxg1 Qg5+ 24. Qg4 Qxg4+ 25. Bxg4 Bc5 26. Ng3 Nd3 27. Bxc5 Nxc5 28. Bf5 a5 29. Rb1 Nd5 30. Ncxe4 Nxe4 31. Bxe4 g6 32. Ra1 f5 33. Bh1 f4 34. Ne2 f3 35. Nd4 Nb4 36. Rxa5 Nd3 37. h4 Be4 38. Ra7 Rf6 39. Re7 Bd5 40. Rd7 Nb4 41. Kh2 Be4 42. Kg3 Nc6 43. d3 1-0

[Event "EU-Cup 39th"]
[Site "Vrnjacka Banja"]
[Date "2024.10.21"]
[Round "2.6"]
[White "David, Alexandru Vasile"]
[Black "Hoerstmann, Martin"]
[Result "1/2-1/2"]
[WhiteElo "2345"]
[BlackElo "2238"]
[PlyCount "54"]
[EventDate "2024.10.20"]
[EventType "team-swiss"]
[EventRounds "7"]
[EventCountry "SRB"]
[SourceTitle "CB44_2024"]
[Source "Chessbase"]
[SourceDate "2024.10.30"]
[SourceVersion "1"]
[SourceVersionDate "2024.10.30"]
[SourceQuality "1"]
[WhiteTeam "Vados CC"]
[BlackTeam "Lister Turm"]
[WhiteTeamCountry "ROU"]
[BlackTeamCountry "GER"]

1. d4 g6 2. c4 Bg7 3. e4 c5 4. d5 d6 5. Ne2 e6 6. Nbc3 exd5 7. cxd5 Nd7 8. Ng3 h5 9. Be2 Nh6 10. Nf1 a6 11. a4 0-0 12. Ne3 f5 13. exf5 Nxf5 14. Nxf5 Rxf5 15. 0-0 Rf8 16. Ne4 Ne5 17. Ra3 Bf5 18. Ng5 Qf6 19. f4 Ng4 20. h3 Qd4+ 21. Kh1 Nf2+ 22. Rxf2 Qxf2 23. Be3 Qg3 24. Bd2 Qf2 25. Be3 Qg3 26. Bd2 Qf2 27. Be3 Qg3 1/2-1/2

[Event "EU-Cup 39th"]
[Site "Vrnjacka Banja"]
[Date "2024.10.20"]
[Round "1.6"]
[White "Nahkur, Madis"]
[Black "David, Alexandru Vasile"]
[Result "1-0"]
[WhiteElo "2003"]
[BlackElo "2345"]
[PlyCount "75"]
[EventDate "2024.10.20"]
[EventType "team-swiss"]
[EventRounds "7"]
[EventCountry "SRB"]
[SourceTitle "CB44_2024"]
[Source "Chessbase"]
[SourceDate "2024.10.30"]
[SourceVersion "1"]
[SourceVersionDate "2024.10.30"]
[SourceQuality "1"]
[WhiteTeam "Reval Sport"]
[BlackTeam "Vados CC"]
[WhiteTeamCountry "EST"]
[BlackTeamCountry "ROU"]

1. e4 c5 2. Nc3 Nc6 3. g3 g6 4. Bg2 Bg7 5. d3 d6 6. Nge2 Rb8 7. Be3 b5 8. Qd2 b4 9. Nd1 Nd4 10. h3 e6 11. 0-0 a5 12. f4 Ne7 13. g4 f5 14. Ng3 0-0 15. c3 Nb5 16. Rc1 Qd7 17. Nf2 Ba6 18. Rfe1 bxc3 19. bxc3 Na3 20. gxf5 exf5 21. h4 Rb6 22. exf5 Nxf5 23. Nxf5 Qxf5 24. Qd1 Bb7 25. Ne4 Kh8 26. Qa4 Nb5 27. Qxa5 Rc6 28. Qxb5 Ba8 29. Nf2 Rcc8 30. Bxa8 Rxa8 31. Rc2 Qh5 32. Qc6 Qxh4 33. Qh1 Qe7 34. Ne4 Rae8 35. c4 Rf5 36. Rh2 h5 37. Rg2 Qf7 38. Qh3 1-0

[Event "Arad op 17th"]
[Site "Arad"]
[Date "2024.08.06"]
[Round "2"]
[White "Kantor, Gergely"]
[Black "David, Alexandru Vasile"]
[Result "1/2-1/2"]
[WhiteElo "2525"]
[BlackElo "2335"]
[PlyCount "46"]
[EventDate "2024.08.05"]
[EventType "swiss"]
[EventRounds "9"]
[EventCountry "ROU"]
[SourceTitle "CBM 221 Extra"]
[Source "ChessBase"]
[SourceDate "2024.09.30"]
[SourceVersion "1"]
[SourceVersionDate "2024.09.30"]
[SourceQuality "1"]

1. d4 Nf6 2. c4 e6 3. Nf3 d5 4. Nc3 Be7 5. cxd5 exd5 6. Bf4 c6 7. e3 0-0 8. h3 Re8 9. Bd3 Nbd7 10. 0-0 Nf8 11. Qc2 Ng6 12. Bg5 Ne4 13. Bxe7 Qxe7 14. Rae1 Bf5 15. Nh2 Nh4 16. f3 Ng3 17. Rf2 Rad8 18. Nf1 Qg5 19. Bxf5 Ngxf5 20. Qd3 c5 21. dxc5 d4 22. Ne4 Qg6 23. Nd6 dxe3 1/2-1/2

[Event "Brasov op"]
[Site "Brasov"]
[Date "2024.07.20"]
[Round "8"]
[White "David, Alexandru Vasile"]
[Black "Leu, Dragos Stefan"]
[Result "1-0"]
[WhiteElo "2333"]
[BlackElo "2053"]
[PlyCount "67"]
[EventDate "2024.07.15"]
[EventType "swiss"]
[EventRounds "9"]
[EventCountry "ROU"]
[SourceTitle "CBM 221 Extra"]
[Source "ChessBase"]
[SourceDate "2024.09.30"]
[SourceVersion "1"]
[SourceVersionDate "2024.09.30"]
[SourceQuality "1"]

1. d4 Nf6 2. c4 e6 3. Nc3 Bb4 4. e3 Bxc3+ 5. bxc3 d6 6. Bd3 c5 7. Ne2 Nc6 8. 0-0 e5 9. d5 Ne7 10. Qc2 0-0 11. f4 exf4 12. exf4 Ng6 13. f5 Ne5 14. Bg5 h6 15. Bh4 b5 16. cxb5 c4 17. Be4 Neg4 18. Rf4 Qb6+ 19. Nd4 Bb7 20. Re1 Rfe8 21. h3 Nxe4 22. Rfxe4 Ne5 23. f6 Bxd5 24. R4e3 g6 25. Bg3 Bb7 26. Qf2 Qc5 27. Bf4 g5 28. Bxg5 hxg5 29. Qf5 Nf3+ 30. gxf3 Rxe3 31. Rxe3 a6 32. Qg4 Qd5 33. Qh5 axb5 34. Qh6 1-0

[Event "Brasov op"]
[Site "Brasov"]
[Date "2024.07.19"]
[Round "7"]
[White "David, Alexandru Vasile"]
[Black "Botea, David Alexandru"]
[Result "1/2-1/2"]
[WhiteElo "2333"]
[BlackElo "2062"]
[PlyCount "53"]
[EventDate "2024.07.15"]
[EventType "swiss"]
[EventRounds "9"]
[EventCountry "ROU"]
[SourceTitle "CBM 221 Extra"]
[Source "ChessBase"]
[SourceDate "2024.09.30"]
[SourceVersion "1"]
[SourceVersionDate "2024.09.30"]
[SourceQuality "1"]

1. e4 c5 2. Nf3 d6 3. d4 cxd4 4. Nxd4 Nf6 5. Nc3 a6 6. Be3 e6 7. a3 b5 8. g4 Bb7 9. Bg2 Nfd7 10. g5 Nb6 11. 0-0 Be7 12. f4 Nc4 13. Bc1 Nc6 14. Nxc6 Bxc6 15. b3 Qb6+ 16. Rf2 Ne3 17. Qe2 Nxg2 18. Kxg2 d5 19. exd5 exd5 20. Kg3 d4 21. Na2 Qc7 22. Qe5 Qxe5 23. fxe5 h6 24. Nb4 Bb7 25. h4 hxg5 26. Bxg5 Bxg5 27. hxg5 1/2-1/2

[Event "Brasov op"]
[Site "Brasov"]
[Date "2024.07.17"]
[Round "4"]
[White "Warmerdam, Max"]
[Black "David, Alexandru Vasile"]
[Result "1/2-1/2"]
[WhiteElo "2663"]
[BlackElo "2333"]
[PlyCount "175"]
[EventDate "2024.07.15"]
[EventType "swiss"]
[EventRounds "9"]
[EventCountry "ROU"]
[SourceTitle "CBM 221 Extra"]
[Source "ChessBase"]
[SourceDate "2024.09.30"]
[SourceVersion "1"]
[SourceVersionDate "2024.09.30"]
[SourceQuality "1"]

1. c4 e6 2. Nc3 d5 3. d4 Nf6 4. cxd5 exd5 5. Bg5 Be7 6. e3 0-0 7. Bd3 Re8 8. Nge2 Nbd7 9. 0-0 c6 10. Qc2 Nf8 11. h3 g6 12. Rab1 Ne6 13. Bh6 Kh8 14. Nf4 Nc7 15. Bg5 h6 16. Bxf6+ Bxf6 17. b4 a6 18. a4 Ne6 19. Nxe6 Rxe6 20. b5 a5 21. Rfd1 Re8 22. Ne2 Bd7 23. Nc1 Be7 24. bxc6 bxc6 25. Nb3 Bb4 26. Nc5 Bc8 27. Qe2 Qf6 28. Rb3 Ra7 29. Rdb1 Kg7 30. Rxb4 axb4 31. Rxb4 Bf5 32. Bxf5 Qxf5 33. Rb6 Qf6 34. g3 Qxd4 35. Rxc6 Qa1+ 36. Kg2 d4 37. e4 Rxa4 38. Nxa4 Qxa4 39. Rc7 d3 40. Qf3 Qxe4 41. Rxf7+ Kg8 42. Rf8+ Kg7 43. Rxe8 Qxe8 44. Qxd3 h5 45. Qd5 Qe7 46. g4 hxg4 47. hxg4 Kh7 48. Kh3 Qa7 49. Qf3 Qe7 50. Qf4 Qb7 51. Kg3 Qe7 52. Qd4 Qb7 53. Qf6 Qc7+ 54. f4 Qb7 55. Qd6 Qg7 56. Qd8 Qb7 57. Qf8 Qd7 58. Kh4 Qe6 59. Qd8 Qf7 60. Qd6 Qg7 61. Qe5 Qd7 62. Qf6 Qa7 63. Qe6 Qc7 64. Qf6 Qa7 65. Qd6 Qg7 66. Qd8 Qh6+ 67. Kg3 Qg7 68. Qd3 Qc7 69. g5 Qf7 70. Kf3 Qe7 71. Qd4 Qb7+ 72. Ke3 Qb3+ 73. Ke4 Qe6+ 74. Qe5 Qd7 75. Qc5 Qf7 76. Qd6 Kg7 77. Qd5 Qf8 78. Qd7+ Kg8 79. Ke5 Qb8+ 80. Qd6 Qb1 81. Qd8+ Kh7 82. Qd7+ Kh8 83. Qd8+ Kh7 84. Qd7+ Kh8 85. Kf6 Qb6+ 86. Kf7 Qb3+ 87. Kxg6 Qe6+ 88. Qxe6 1/2-1/2

[Event "Brasov op"]
[Site "Brasov"]
[Date "2024.07.16"]
[Round "3"]
[White "Armenciu, Bogdan Ovidiu"]
[Black "David, Alexandru Vasile"]
[Result "0-1"]
[WhiteElo "1997"]
[BlackElo "2333"]
[PlyCount "82"]
[EventDate "2024.07.15"]
[EventType "swiss"]
[EventRounds "9"]
[EventCountry "ROU"]
[SourceTitle "CBM 221 Extra"]
[Source "ChessBase"]
[SourceDate "2024.09.30"]
[SourceVersion "1"]
[SourceVersionDate "2024.09.30"]
[SourceQuality "1"]

1. e4 c5 2. Nf3 d6 3. d4 cxd4 4. Nxd4 Nf6 5. Nc3 a6 6. Be3 e5 7. Nb3 Be7 8. f3 Be6 9. Qd2 h5 10. Nd5 Nxd5 11. exd5 Bf5 12. c4 b6 13. Be2 Bh4+ 14. g3 Be7 15. h4 Nd7 16. a4 a5 17. Ra3 Nc5 18. Nc1 0-0 19. Bg5 f6 20. Be3 Bg6 21. Bd3 f5 22. f4 Ne4 23. Bxe4 fxe4 24. 0-0 exf4 25. Bxf4 Rc8 26. b3 Bf5 27. Ra2 Bg4 28. Ne2 Bf6 29. Nd4 Bxd4+ 30. Qxd4 Bf3 31. Raf2 Qd7 32. Rxf3 exf3 33. Rxf3 Qg4 34. Kg2 Rce8 35. Re3 Qg6 36. Qxb6 Rxe3 37. Qxe3 Re8 38. Qd2 Qb1 39. Bxd6 Re1 40. Bc5 Qe4+ 41. Kf2 Rh1 0-1

[Event "ROM-ch"]
[Site "Eforie Nord"]
[Date "2024.02.24"]
[Round "1"]
[White "Armenciu, Bogdan Ovidiu"]
[Black "David, Alexandru Vasile"]
[Result "1/2-1/2"]
[WhiteElo "1936"]
[BlackElo "2360"]
[PlyCount "104"]
[EventDate "2024.02.24"]
[EventType "swiss"]
[EventRounds "9"]
[EventCountry "ROU"]
[SourceTitle "CBM 219 Extra"]
[Source "ChessBase"]
[SourceDate "2024.05.31"]
[SourceVersion "1"]
[SourceVersionDate "2024.05.31"]
[SourceQuality "1"]

1. e4 c5 2. Nf3 d6 3. d4 cxd4 4. Nxd4 Nf6 5. Nc3 a6 6. Be3 e6 7. f3 b5 8. a3 h5 9. Qd2 Nbd7 10. a4 bxa4 11. Nxa4 Bb7 12. c4 Be7 13. Be2 h4 14. 0-0 h3 15. g4 g6 16. b4 Kf8 17. c5 Ne5 18. g5 Ne8 19. c6 Bxc6 20. Nxc6 Nxc6 21. Qc3 Ne5 22. f4 Rc8 23. Qb2 Rh4 24. fxe5 Bxg5 25. Qd2 Bxe3+ 26. Qxe3 dxe5 27. Nc5 Rf4 28. Rxa6 Kg8 29. Rxf4 exf4 30. Qf2 e5 31. Bf1 Qd1 32. Ra2 Nf6 33. Rd2 Qb1 34. Rb2 Qd1 35. Qe2 Qd4+ 36. Kh1 Rb8 37. Bxh3 Rxb4 38. Rxb4 Qxb4 39. Nd7 Qxe4+ 40. Qxe4 Nxe4 41. Nxe5 Kg7 42. Nd3 g5 43. Kg2 f6 44. Kf3 Nd2+ 45. Ke2 Ne4 46. Bf5 Nd6 47. Bd7 f5 48. Kf3 Kf6 49. Nb4 Ke5 50. Nc6+ Kf6 51. Nb4 Ke5 52. Nd3+ Kf6 1/2-1/2